Theologia Moralis seu Resolutio Casuum Conscientiae, Juxta Sacrae Scripturae Canonum, et Sanctorum Patrum Mentem

Detalles Bibliográficos
Autor principal: GENETTO, Francisco
Formato: Libro
Publicado: Colonia 1706
Materias:
Colección:Banco de datos
Acervo:Biblioteca del Museo Regional de Querétaro. INAH. Querétaro
Descripción Física:t. II
Tema general:Teología
Notas:Regular. 2N2, 26. Ex libris
LEADER 00739nam a22002050004500
035 |a 26729 
036 |a 438 
100 1 |a GENETTO, Francisco 
245 1 0 |a Theologia Moralis seu Resolutio Casuum Conscientiae, Juxta Sacrae Scripturae Canonum, et Sanctorum Patrum Mentem 
260 |a Colonia  |b Tomás Fritsch  |c 1706 
300 |a t. II 
500 |a Regular. 2N2, 26. Ex libris 
650 1 0 |a Teología 
949 |a C.R.Q. 
959 |a Ex convento Grande de San Francisco de la ciudad de Querétaro, Museo Regional de Querétaro  |b CCC2 
960 |a Colección General, Querétaro  |b DD80 
961 |a Varias Ordenes Religiosas  |b VO 
942 |c C.R.Q. 
943 |g Biblioteca del Museo Regional de Querétaro. INAH. Querétaro 
999 |c 983045  |d 983045